000 00454nam a2200121Ia 4500
008 220216s9999 xx 000 0 und d
100 _aOmo-Ikerodah E.E.
245 0 _aChallenges and progress in the control of white root rot disease of Hevea brasiliensis in Africa
260 _bIRRI-IRRDB International Rubber Conference 2009, 26-27 October 2009, Bogor, Indonesia, Paper 14.
_c2009
700 _aMokwunye M.U.B.
700 _aOmorusi V.I.
942 _cJS
999 _c55286
_d55286